О конгруэнциях окружностей {1.2} с кратными фокальными точками; Известия Томского политехнического института [Известия ТПИ]; Т. 226 : Теплоэнергетика

Chi tiết về thư mục
Parent link:Известия Томского политехнического института [Известия ТПИ]/ Томский политехнический институт (ТПИ).— , 1944-1976
Т. 226 : Теплоэнергетика.— 1976.— [С. 82-85]
Tác giả chính: Вайнтруб М. Р.
Tóm tắt:Заглавие с титульного листа
Электронная версия печатной публикации
Ngôn ngữ:Tiếng Nga
Được phát hành: 1976
Những chủ đề:
Truy cập trực tuyến:Черно-белая версия для предварительного просмотра
Цветная версия без потери качества
Định dạng: Điện tử Chương của sách
KOHA link:https://koha.lib.tpu.ru/cgi-bin/koha/opac-detail.pl?biblionumber=226416

MARC

LEADER 00000nla2a2200000 4500
001 226416
005 20231031201142.0
035 |a (RuTPU)RU\TPU\book\246791 
035 |a RU\TPU\book\246790 
090 |a 226416 
100 |a 20121121d1976 k y0rusy50 ca 
101 0 |a rus 
102 |a RU 
135 |a drnn ---uucaa 
181 0 |a i  
182 0 |a b 
200 1 |a О конгруэнциях окружностей {1.2} с кратными фокальными точками  |b Электронный ресурс  |f М. Р. Вайнтруб 
203 |a Текст  |c электронный 
215 |a 2 файла (381 Кб, 11.4 Мб) 
230 |a Электронные текстовые данные (2 файла : 381 Кб, 11.4 Мб) 
300 |a Заглавие с титульного листа 
300 |a Электронная версия печатной публикации 
320 |a [Библиогр.: с. 85 (6 назв.)] 
337 |a Adobe Reader 
461 1 |0 (RuTPU)RU\TPU\book\200995  |t Известия Томского политехнического института [Известия ТПИ]  |f Томский политехнический институт (ТПИ)  |d 1944-1976 
463 1 |0 (RuTPU)RU\TPU\book\246751  |t Т. 226 : Теплоэнергетика  |v [С. 82-85]  |d 1976  |p 124 с. 
610 1 |a электронный ресурс 
610 1 |a труды учёных ТПУ 
700 1 |a Вайнтруб  |b М. Р. 
801 1 |a RU  |b 63413507  |c 20090320  |g PSBO 
801 2 |a RU  |b 63413507  |c 20130314  |g PSBO 
856 4 |u http://www.lib.tpu.ru/fulltext/v/Bulletin_TPU/1976/v226/18_bw.pdf  |z Черно-белая версия для предварительного просмотра 
856 4 |u http://www.lib.tpu.ru/fulltext/v/Bulletin_TPU/1976/v226/18_full.pdf  |z Цветная версия без потери качества 
942 |c CF